| 000 | 00495nam a22001817a 4500 | ||
|---|---|---|---|
| 003 | CEME | ||
| 005 | 20210628203231.0 | ||
| 008 | 210122b xxu||||| |||| 00| 0 eng d | ||
| 020 | _a969-8951-91-1 | ||
| 040 | _c. | ||
| 082 | _a891.4394 FAY | ||
| 100 |
_aFayaz Ahmad, Mirza _964165 |
||
| 245 | _aEjaz-e-bian, bahtareen taqreer for school and colleges students | ||
| 260 |
_aRAWALPINDI _bMANA PUBLICATIONS _c2009 |
||
| 300 | _a239P | ||
| 650 |
_aURDU ADAB-SPEECHES. _964166 |
||
| 942 |
_cBK _2ddc |
||
| 999 |
_c572760 _d572760 |
||